Donkey Kong Country Returns Levels - Statistics

General Stats
  • This quiz has been taken 95 times
  • The average score is 21 of 72
Answer Stats
World Level % Correct
Golden Temple Golden Temple
50%
Jungle Mugly's Mound
50%
Forest Muncher Marathon
50%
Beach Tidal Terror
50%
Jungle Tree Top Bop
50%
Ruins Itty Bitty Biters
45%
Jungle King Of Cling
45%
Factory Switcheroo
42%
Volcano Tiki Tong Terror
42%
Factory Gear Getaway
39%
Cave The Mole Train
39%
Jungle Crazy Cart
37%
Factory Feather Fiend
37%
Beach Peaceful Pier
37%
Beach Sloppy Sands
37%
Beach Stormy Shore
37%
Cliff Thugly's Highrise
37%
Cliff Tippy Shippy
37%
Cave Bombs Away
34%
Factory Cog Jog
34%
Cave Mole Patrol
34%
Jungle Platform Panic
34%
Beach Poppin' Planks
34%
Cave Crowded Cavern
32%
Jungle Jungle Hijinxs
32%
Ruins Mast Blast
32%
Factory Music Madness
32%
Cliff Prehistoric Path
32%
Volcano Red Red Rising
32%
Ruins Button Bash
29%
Volcano Five Monkey Trial
29%
Forest Mangoruby Run
29%
Beach Pinchin' Pirates
29%
Factory Slammin' Steel
29%
Cliff Sticky Situation
29%
Forest Vine Valley
29%
Forest Wigglevine Wonders
29%
Factory Foggy Fumes
26%
Cave Grip & Trip
26%
Volcano Hot Rocket
26%
Cave Jagged Jewels
26%
Cave Rickety Rails
26%
Jungle Sunset Shore
26%
Beach Blowhole Bound
24%
Cliff Boulder Roller
24%
Beach Cannon Cluster
24%
Jungle Canopy Cannons
24%
Forest Clingy Swingy
24%
Ruins Damp Dungeon
24%
Forest Flutter Flyaway
24%
Cliff Perilous Passage
24%
Cliff Precarious Plateau
24%
Volcano Bobbing Basalt
21%
Cliff Crumble Canyon
21%
Factory Handy Hazards
21%
Forest Longshot Launch
21%
Volcano Roasting Rails
21%
Ruins Ruined Roost
21%
Ruins Temple Topple
21%
Cliff Weighty Way
21%
Ruins Wonky Waterway
21%
Cliff Clifftop Climb
18%
Ruins Shifty Smashers
18%
Forest Blast & Bounce
16%
Volcano Furious Fire
16%
Factory Lift-Off Launch
16%
Volcano Moving Melters
16%
Volcano Smokey Peak
16%
Forest Springy Spores
16%
Factory Treacherous Track
16%
Forest Tippin' Totems
13%
Beach Tumblin' Tower
5%
No matching quizzes found
Score Distribution
Percent of People with Each Score
Percentile by Number Answered
Your Score History
You have not taken this quiz